Sách dạy máy xe hơi

Spremljeno u:
Bibliografski detalji
Glavni autor: Phan Văn Mão
Format: Knjiga
Jezik:Undetermined
Izdano: Sài Gòn Thanh Quang [197..]
Teme:
Oznake: Dodaj oznaku
Bez oznaka, Budi prvi tko označuje ovaj zapis!
Thư viện lưu trữ: Trung tâm Học liệu Trường Đại học Cần Thơ
LEADER 00447nam a2200169Ia 4500
001 CTU_46310
008 210402s9999 xx 000 0 und d
082 |a 629.2 
082 |b M108 
100 |a Phan Văn Mão 
245 0 |a Sách dạy máy xe hơi 
245 0 |c Phan Văn Mão 
260 |a Sài Gòn 
260 |b Thanh Quang 
260 |c [197..] 
650 |a metal-cutting 
980 |a Trung tâm Học liệu Trường Đại học Cần Thơ